Ruský jazyk pre 8. ročník všeobecnovzdel. škôl s vyučovacím jazykom slovenským

Podrobná bibliografia
Hlavní autori: Sihocká, Gertrúda (Autor), Šefranková, Marta (Autor)
Médium: Kniha
Jazyk:slovenčina
ruština
Fyzický popis:357, [8] s.dV. 8°
Vydavateľské údaje: Bratislava Slovenské pedagogické nakladateľstvo 1954
Vydanie:1. vyd.
Predmet:

MARC

LEADER 00000nam a2200000 a 4500
001 vtls008396393
003 SK-MaSNL
005 20260301140915.0
008 181109s1954 xo slo
015 |a SKSNBA19451955-010759 
035 |a SK01SNKBKSFS20010088610 
035 |a SKM000091073 
040 |a SNK  |b slo  |c SNK  |e AACR2 
041 0 |a slo  |a rus 
044 |a xo  |c SK 
080 |a 373(075)  |2 1981 
080 |a 808.2(075)  |2 1981 
100 1 |a Sihocká, Gertrúda  |4 aut  |9 285503 
245 1 0 |a Ruský jazyk pre 8. ročník všeobecnovzdel. škôl s vyučovacím jazykom slovenským  |c (autorky: Gertrúda Sihotská a Marta Šefránková) 
250 |a 1. vyd. 
260 |a Bratislava  |b Slovenské pedagogické nakladateľstvo  |c 1954  |e Prešov  |f Dukelské tlač. 
300 |a 357, [8] s.dV. 8° 
500 |a Ilustrované 
505 0 |a Slovník rus.-slov. Slovník slov.-rus. 
563 |a 48.000 výtlač. 
650 0 7 |a ruština  |2 SNK  |9 1346 
655 7 |a učebnice  |2 SNKPH  |9 22521 
700 1 |a Šefranková, Marta  |4 aut  |9 286278 
852 |a Slovenská národná knižnica v Martine  |b 10000  |h MS SD 9164 
958 |a OND 
958 |a RK 
958 |a TL 
999 |c 765409  |d 767339 
952 |a SNK  |b SNK  |y PREZ  |7 0  |p 17A0397597  |o snkSD 9164  |i snk1121/54  |0 0  |1 0  |4 0  |d 2003-09-23  |l 0  |r 2025-11-21 00:00:00  |w 2026-02-24 
952 |a SNK  |b SNK  |y VYP  |7 0  |p 17A1021668  |o snkSD 9164 D1  |i snkI. 11535/54  |0 0  |1 0  |4 0  |d 2014-10-23  |l 0  |r 2026-02-24 00:17:34  |w 2026-02-24 
952 |a SNK  |b SNK  |y VYP  |7 0  |p 17A1021632  |o snkSD 9164 D2  |i snkI. 8600/54  |0 0  |1 0  |4 0  |d 2014-10-23  |l 0  |r 2026-02-24 00:17:34  |w 2026-02-24